000 00462cam a2200181 4500
001 4099786
005 20240322052625.0
008 740308s1973 enk b 001 0 eng
020 _a0701119985
040 _aDLC
_cDLC
_dDLC
082 0 0 _a327.13
_222
_bPOW.
100 1 _aBuchan, Alastair,
245 1 0 _aPower and equilibrium in the 1970s.
260 _aLondon,
_bChatto and Windus,
_c1973.
300 _a120 p.
650 0 _aInternational relations.
942 _cL
999 _c602
_d602